[Event "Open Olimpico A Maggio"]
[Site "Torino ITA"]
[Date "2006.05.25"]
[Round "4"]
[White "Avalos Parra, Joao"]
[Black "Machin Arbelo, Pedro Alexis"]
[Result "1-0"]
[WhiteElo "2262"]
[BlackElo "2115"]
[PlyCount "73"]
[EventDate "2006.05.22"]

1. d4 Nf6 2. c4 e6 3. Nc3 Bb4 4. e3 O-O 5. Nge2 d5 6. a3 Be7 7. cxd5 exd5 8. g3
Bg4 9. Bg2 c6 10. f3 Bd7 11. O-O b5 12. e4 b4 13. axb4 Bxb4 14. Bg5 dxe4 15.
fxe4 Be7 16. h3 Nxe4 17. Nxe4 Bxg5 18. Qb3 Be6 19. Qb7 Nd7 20. Qxc6 Rc8 21. Qd6
Be7 22. Qf4 Rc2 23. N4c3 Bc4 24. Rfe1 Bg5 25. Qf5 Rxb2 26. Rxa7 Be6 27. Qf3 Bd2
28. Rea1 Qf6 29. Nd1 Rb3 30. Qe4 Nb6 31. Qc2 Qh6 32. d5 Rc8 33. Rc7 Rxc7 34.
Qxc7 Be3+ 35. Kh2 Nd7 36. Ra8+ Nf8 37. Rxf8+ 1-0

[Event "Open Olimpico A Maggio"]
[Site "Torino ITA"]
[Date "2006.05.25"]
[Round "4"]
[White "Bohaddoune, Oussama"]
[Black "Bozzali, Ermanno"]
[Result "1-0"]
[WhiteElo "2206"]
[BlackElo "2089"]
[PlyCount "75"]
[EventDate "2006.05.22"]

1. e4 c5 2. Nf3 d6 3. d4 cxd4 4. Qxd4 Nf6 5. Nc3 a6 6. Bg5 Nc6 7. Qd2 e6 8.
O-O-O Bd7 9. Bc4 Qc7 10. Bb3 h6 11. Bf4 Ne5 12. Rhe1 Be7 13. h3 Nxf3 14. gxf3
e5 15. Be3 Bxh3 16. Rg1 g5 17. Na4 b5 18. Nc3 Rc8 19. Kb1 Qa5 20. Qd3 Bd7 21.
Rh1 b4 22. Ne2 Bb5 23. Qd2 g4 24. Ng3 gxf3 25. Bxh6 Bc4 26. Bg5 Rxh1 27. Rxh1
Bxb3 28. axb3 Qc5 29. Rh6 Ng4 30. Rh8+ Kd7 31. Rxc8 Qxc8 32. Bxe7 Kxe7 33. Nf5+
Kf6 34. Qxd6+ Kg5 35. Qe7+ Kf4 36. Qxf7 Qd8 37. Ne7+ Kxe4 38. Qf5+ 1-0

[Event "Open Olimpico A Maggio"]
[Site "Torino ITA"]
[Date "2006.05.25"]
[Round "4"]
[White "Canonne, Antoine"]
[Black "Saccona, Silvano"]
[Result "1-0"]
[WhiteElo "2052"]
[BlackElo "2162"]
[PlyCount "49"]
[EventDate "2006.05.22"]

1. e4 c6 2. d4 d5 3. Nc3 dxe4 4. Nxe4 Nf6 5. Nxf6+ exf6 6. c3 Bd6 7. Bd3 O-O 8.
Ne2 Re8 9. O-O Qc7 10. Ng3 Nd7 11. Re1 Rxe1+ 12. Qxe1 Nf8 13. Bd2 Be6 14. Qe2
Rd8 15. b3 Ng6 16. Qh5 Nf8 17. Re1 Qd7 18. Nf5 g6 19. Nh6+ Kg7 20. Qh4 Be7 21.
g4 Qc7 22. Nf5+ Bxf5 23. gxf5 Bd6 24. Bh6+ Kg8 25. Qxf6 1-0

[Event "Open Olimpico A Maggio"]
[Site "Torino ITA"]
[Date "2006.05.25"]
[Round "4"]
[White "Chiarotto, Filippo"]
[Black "De Coverly, Roger D."]
[Result "1/2-1/2"]
[WhiteElo "1880"]
[BlackElo "2083"]
[PlyCount "139"]
[EventDate "2006.05.22"]

1. e4 e5 2. Bc4 Nf6 3. Qe2 Nc6 4. Nf3 Be7 5. O-O O-O 6. c3 d6 7. h3 Na5 8. Bb5
a6 9. Ba4 b5 10. Bc2 c5 11. d3 h6 12. Rd1 Qc7 13. Nbd2 Bb7 14. Nf1 Rfe8 15. Ng3
Bf8 16. Nh2 d5 17. Ng4 Nxg4 18. Qxg4 Bc8 19. Nf5 Kh7 20. Qh4 Qd8 21. Qg3 d4 22.
Bd2 Nc6 23. Rf1 g6 24. Nh4 Be7 25. Nf3 Qd6 26. Nh2 g5 27. Qf3 Rf8 28. g4 Be6
29. Rfd1 Rad8 30. Nf1 f6 31. Ng3 Qd7 32. Kg2 c4 33. dxc4 d3 34. Bb3 Na5 35.
cxb5 Nxb3 36. axb3 Bxb3 37. Rh1 axb5 38. Nf5 Be6 39. Nxe7 Qxe7 40. Qe3 Rf7 41.
Ra5 Qb7 42. Rha1 Rdd7 43. f3 Bc4 44. b4 Rc7 45. Ra8 Qc6 46. Rb8 Rb7 47. Rba8
Kg7 48. R1a6 Qd7 49. Qc5 Qe7 50. Qc8 Rf8 51. Qxf8+ Qxf8 52. Rxf8 Kxf8 53. Rxf6+
Kg7 54. Ra6 Rf7 55. Kg3 Rf6 56. Ra7+ Kg6 57. Kf2 Bb3 58. Ra1 Rf7 59. Ke3 Bc4
60. Be1 Rd7 61. Ra6+ Kh7 62. Bd2 Rf7 63. Ra8 Bb3 64. Re8 Bd1 65. Kxd3 Rxf3+ 66.
Be3 Bb3 67. Ke2 Rxh3 68. Rxe5 Rg3 69. Kf2 Rxg4 70. Rxb5 1/2-1/2

[Event "Open Olimpico A Maggio"]
[Site "Torino ITA"]
[Date "2006.05.25"]
[Round "4"]
[White "Faraoni, Enrico"]
[Black "Valenti, Giuseppe"]
[Result "1/2-1/2"]
[WhiteElo "2135"]
[BlackElo "2271"]
[PlyCount "87"]
[EventDate "2006.05.22"]

1. e4 c5 2. Nf3 e6 3. d4 cxd4 4. Nxd4 a6 5. Nc3 Qc7 6. Bd3 Nf6 7. Be3 Be7 8.
O-O Nc6 9. f4 d6 10. Kh1 O-O 11. Qf3 Nb4 12. Qg3 Kh8 13. Rae1 Nxd3 14. cxd3 Bd7
15. e5 dxe5 16. fxe5 Nh5 17. Qf3 Qxe5 18. Qxb7 Nf6 19. Nf3 Qd6 20. Ne4 Qxd3 21.
Ne5 Qb5 22. Nxf7+ Kg8 23. Nxf6+ Bxf6 24. Nd6 Qxb7 25. Nxb7 Bxb2 26. Rxf8+ Rxf8
27. Nc5 Bc8 28. Kg1 e5 29. Rd1 Bd4 30. Bxd4 Rd8 31. Nb3 Be6 32. Re1 Bxb3 33.
axb3 exd4 34. Kf2 Kf7 35. Ra1 Rd6 36. Ke2 d3+ 37. Kd2 Rg6 38. Rg1 Rb6 39. Rb1
Rd6 40. Ra1 Ke6 41. Ra5 Kd7 42. Rg5 g6 43. Rg3 Kc6 44. Rxd3 1/2-1/2

[Event "Open Olimpico A Maggio"]
[Site "Torino ITA"]
[Date "2006.05.25"]
[Round "4"]
[White "Gallucci, Alessio"]
[Black "Piantoni, Pierino"]
[Result "0-1"]
[WhiteElo "1787"]
[BlackElo "1983"]
[PlyCount "74"]
[EventDate "2006.05.22"]

1. e4 e6 2. d4 d5 3. Nc3 Bb4 4. e5 c5 5. a3 Ba5 6. Qg4 Ne7 7. Bb5+ Bd7 8. Bxd7+
Qxd7 9. Nge2 Nbc6 10. Be3 O-O 11. b4 cxb4 12. Na4 b3+ 13. c3 Bb6 14. Nb2 Na5
15. Ng3 f5 16. Qf3 Ng6 17. Ne2 Rac8 18. h4 Qf7 19. h5 Ne7 20. Bg5 Nc4 21. Nxc4
dxc4 22. Nf4 Nc6 23. Qg3 Ba5 24. O-O-O Bd8 25. Bxd8 Rcxd8 26. Rh3 Ne7 27. Rdh1
Nd5 28. Ng6 f4 29. Qg4 Qf5 30. Qxf5 Rxf5 31. h6 Rd7 32. hxg7 Rxg7 33. Nh4 Rh5
34. Kb2 b5 35. Rf3 Rg4 36. g3 a5 37. Rg1 Rhxh4 0-1

[Event "Open Olimpico A Maggio"]
[Site "Torino ITA"]
[Date "2006.05.25"]
[Round "4"]
[White "Hofstetter, Hans Joachim"]
[Black "Zuluaga, Cesar"]
[Result "0-1"]
[WhiteElo "2222"]
[BlackElo "2226"]
[PlyCount "106"]
[EventDate "2006.05.22"]

1. d4 d5 2. Nf3 c6 3. e3 Bg4 4. c4 e6 5. h3 Bh5 6. Nbd2 Nf6 7. Qb3 Qb6 8. c5
Qc7 9. Qc3 Nbd7 10. b4 Be7 11. Ne5 Nxe5 12. dxe5 Nd7 13. Bb2 f6 14. exf6 Bxf6
15. Qb3 O-O 16. Bd3 Ne5 17. Bc2 a5 18. Bc3 Bg6 19. bxa5 Nc4 20. Bxg6 Nxd2 21.
Bxd2 Bxa1 22. Bc2 Bf6 23. O-O Rf7 24. Qd3 g6 25. Rb1 Qe7 26. Qa3 Qf8 27. f3 b5
28. Bb4 Bd8 29. Qc3 Qg7 30. Qd2 Rfa7 31. a4 Bxa5 32. axb5 cxb5 33. e4 Bxb4 34.
Qxb4 Ra2 35. Bd3 Qh6 36. Qxb5 Qd2 37. Bf1 dxe4 38. Qb3 Qd4+ 39. Kh1 exf3 40.
Qxe6+ Kh8 41. gxf3 Qf4 42. Be2 Ra1 43. Rxa1 Rxa1+ 44. Kg2 Qg5+ 45. Qg4 Qxc5 46.
Bf1 Ra2+ 47. Kh1 Kg7 48. Qd7+ Kh6 49. Qf7 Ra1 50. Qf4+ Qg5 51. Qc4 Qg3 52. h4
Qxf3+ 53. Kg1 Rxf1+ 0-1

[Event "Open Olimpico A Maggio"]
[Site "Torino ITA"]
[Date "2006.05.25"]
[Round "4"]
[White "Ilic, Ljubomir"]
[Black "Geenen, Marc"]
[Result "1-0"]
[WhiteElo "2220"]
[BlackElo "2343"]
[PlyCount "79"]
[EventDate "2006.05.22"]

1. g3 e5 2. Bg2 d5 3. c4 Nf6 4. cxd5 Nxd5 5. Nc3 Nb6 6. Nf3 Nc6 7. O-O Be7 8.
d3 O-O 9. a4 a6 10. a5 Nd7 11. Nd5 Bc5 12. Bg5 f6 13. Bd2 Nd4 14. Rc1 c6 15.
Ne3 Ba7 16. Nc4 Qe7 17. Nxd4 exd4 18. Qb3 Kh8 19. Bb4 c5 20. Ba3 Qe6 21. Qc2
Rb8 22. Rfe1 Re8 23. b4 cxb4 24. Bxb4 Rd8 25. Bd6 Ra8 26. Bc7 Rf8 27. Rb1 Ne5
28. Nb6 Bxb6 29. Rxb6 Nc6 30. Qc5 Rf7 31. Bf4 Qf5 32. Rc1 Qxc5 33. Rxc5 Re7 34.
Be4 Nd8 35. Bd6 Rd7 36. Bf5 Rxd6 37. Rxd6 Bxf5 38. Rxf5 Nc6 39. Rd7 Rb8 40. Rc5
1-0

[Event "Open Olimpico A Maggio"]
[Site "Torino ITA"]
[Date "2006.05.25"]
[Round "4"]
[White "Leoni, Alessandro"]
[Black "Degrassi, Sergio"]
[Result "0-1"]
[WhiteElo "1835"]
[BlackElo "1919"]
[PlyCount "60"]
[EventDate "2006.05.22"]

1. e4 c5 2. Nf3 d6 3. d4 cxd4 4. Nxd4 Nf6 5. Nc3 g6 6. Be3 Bg7 7. f3 Nc6 8. Bc4
O-O 9. Bb3 Bd7 10. Qd2 Rc8 11. O-O-O Ne5 12. h4 h5 13. Kb1 Rc5 14. Nde2 Nc4 15.
Bxc4 Rxc4 16. Bxa7 Qa5 17. Bd4 b5 18. Nd5 Qxd2 19. Rxd2 e5 20. Bxe5 Nxe4 21.
fxe4 Bxe5 22. Nb6 Rc7 23. Nxd7 Rxd7 24. Rd5 f5 25. Rhd1 fxe4 26. Rxb5 Rdf7 27.
g3 Rf1 28. Rbd5 R8f2 29. Nf4 Bxf4 30. gxf4 e3 0-1

[Event "Open Olimpico A Maggio"]
[Site "Torino ITA"]
[Date "2006.05.25"]
[Round "4"]
[White "Llupa, Oltjon"]
[Black "Dal Zotto, Lorenzo"]
[Result "1-0"]
[WhiteElo "1995"]
[BlackElo "1650"]
[PlyCount "39"]
[EventDate "2006.05.22"]

1. d4 d5 2. c4 c6 3. Nc3 dxc4 4. e3 Bf5 5. Bxc4 Nf6 6. Qb3 e6 7. Qxb7 Qb6 8.
Qxa8 Bb4 9. Ba6 O-O 10. Qb7 Qa5 11. Nge2 Nxa6 12. O-O Bd3 13. Re1 Rb8 14. Qxc6
Be4 15. Qc4 Bd5 16. Qd3 Be4 17. Qd1 Bb7 18. Bd2 Qg5 19. e4 Qg6 20. Nf4 1-0

[Event "Open Olimpico A Maggio"]
[Site "Torino ITA"]
[Date "2006.05.25"]
[Round "4"]
[White "Maznitsin, Andrey"]
[Black "Nolte, Rolando"]
[Result "1/2-1/2"]
[WhiteElo "2187"]
[BlackElo "2372"]
[PlyCount "44"]
[EventDate "2006.05.22"]

1. c4 Nf6 2. Nf3 e6 3. g3 d5 4. Bg2 Be7 5. O-O O-O 6. d4 dxc4 7. Qc2 a6 8. a4
Bd7 9. Ne5 Bc6 10. Nxc6 Nxc6 11. e3 Na5 12. Nd2 c5 13. dxc5 Rc8 14. b4 cxb3 15.
Nxb3 Nxb3 16. Qxb3 Nd7 17. Ba3 Nxc5 18. Bxc5 Rxc5 19. Qxb7 a5 20. Rac1 Rxc1 21.
Rxc1 Bb4 22. Bf3 g6 1/2-1/2

[Event "Open Olimpico A Maggio"]
[Site "Torino ITA"]
[Date "2006.05.25"]
[Round "4"]
[White "Messina, Marco"]
[Black "D'Amico, Antonino"]
[Result "1-0"]
[WhiteElo "2034"]
[BlackElo "1901"]
[PlyCount "83"]
[EventDate "2006.05.22"]

1. e4 c6 2. Nf3 d5 3. d4 Bg4 4. e5 e6 5. h3 Bxf3 6. Qxf3 c5 7. Bb5+ Nc6 8. c3
a6 9. Bxc6+ bxc6 10. Nd2 Qb6 11. Nb3 cxd4 12. cxd4 Bb4+ 13. Kf1 a5 14. Be3 a4
15. Nc1 a3 16. Qe2 Qb5 17. Qxb5 cxb5 18. bxa3 Bxa3 19. Rb1 Ne7 20. g4 Bxc1 21.
Bxc1 Nc6 22. Rxb5 Nxd4 23. Rb7 O-O 24. Rb2 Nc6 25. f4 f6 26. exf6 gxf6 27. Kg2
Rfb8 28. Kg3 Kf7 29. Rd2 d4 30. g5 fxg5 31. fxg5 e5 32. Kf3 Ke6 33. Ke4 Rf8 34.
Rc2 Kd6 35. Bd2 Rf7 36. Rhc1 Ra6 37. h4 Rb6 38. a3 Ra6 39. h5 Rb6 40. g6 hxg6
41. hxg6 Rg7 42. Rg1 1-0

[Event "Open Olimpico A Maggio"]
[Site "Torino ITA"]
[Date "2006.05.25"]
[Round "4"]
[White "Palmisano, Giuseppe"]
[Black "Sorcinelli, Francesco"]
[Result "0-1"]
[WhiteElo "1951"]
[BlackElo "2115"]
[PlyCount "54"]
[EventDate "2006.05.22"]

1. d4 Nf6 2. Bf4 g6 3. c4 Bg7 4. Nc3 O-O 5. Nf3 c5 6. d5 d6 7. Qb3 a6 8. e4
Nbd7 9. Be2 b5 10. cxb5 axb5 11. Bxb5 Qa5 12. O-O Ba6 13. Bxa6 Qxa6 14. Rfe1
Rfb8 15. Qc2 c4 16. Be3 Ng4 17. Bd4 Bxd4 18. Nxd4 Qb6 19. Ncb5 Nge5 20. Qc3 Nc5
21. b3 cxb3 22. axb3 Rxa1 23. Rxa1 Nxe4 24. Qe3 Nf6 25. h3 Qc5 26. Qg5 Qxd5 27.
Ra7 Rxb5 0-1

[Event "Open Olimpico A Maggio"]
[Site "Torino ITA"]
[Date "2006.05.25"]
[Round "4"]
[White "Parodi, Alessandro"]
[Black "Ouadi, Wahbi"]
[Result "0-1"]
[WhiteElo "1928"]
[BlackElo "2011"]
[PlyCount "136"]
[EventDate "2006.05.22"]

1. d4 e5 2. dxe5 Nc6 3. Nf3 Bc5 4. Bg5 Nge7 5. e3 h6 6. Bh4 g5 7. Bg3 a6 8.
Nbd2 Ng6 9. Ne4 Be7 10. h3 b5 11. c3 Bb7 12. Nf6+ Bxf6 13. exf6 d6 14. Bd3 Qxf6
15. Be4 Nge7 16. Nd4 d5 17. Bf3 Ne5 18. Bxe5 Qxe5 19. Nb3 Rd8 20. Nc5 Bc8 21.
Qd4 Ng6 22. Bh5 Qxd4 23. cxd4 Nh4 24. O-O O-O 25. Rac1 f6 26. Nd3 Rd7 27. Rc6
Bb7 28. Re6 Rg7 29. Rc1 a5 30. Nc5 Bc8 31. Rc6 Re7 32. Nd3 Bf5 33. Ne1 Be4 34.
Rxc7 Rxc7 35. Rxc7 a4 36. a3 Rb8 37. Bf7+ Kf8 38. Be6 b4 39. Rc8+ Rxc8 40. Bxc8
bxa3 41. bxa3 Ke7 42. Ba6 Nf5 43. Bb5 Nd6 44. Bxa4 Nc4 45. Nc2 Kd6 46. Kf1 h5
47. Bb3 Nd2+ 48. Kg1 Nxb3 49. Nb4 h4 50. f3 Bg6 51. Kf2 Na5 52. g3 Nc4 53. f4
Be4 54. fxg5 fxg5 55. a4 Bf5 56. g4 Be4 57. Na6 Nb2 58. a5 Nc4 59. Nb4 Nxa5 60.
Na2 Nc4 61. Nc3 Nd2 62. Ne2 Bd3 63. Nc1 Ne4+ 64. Kf3 Bf1 65. Nb3 Bxh3 66. Na5
Bf1 67. Nc6 h3 68. Ne7 Bg2+ 0-1

[Event "Open Olimpico A Maggio"]
[Site "Torino ITA"]
[Date "2006.05.25"]
[Round "4"]
[White "Pieri, Enzo"]
[Black "Imbraguglia, Fabio"]
[Result "0-1"]
[WhiteElo "1940"]
[BlackElo "2072"]
[PlyCount "64"]
[EventDate "2006.05.22"]

1. e4 e5 2. Nf3 Nf6 3. Nc3 Nc6 4. Bc4 Bb4 5. O-O O-O 6. d3 d6 7. a3 Bxc3 8.
bxc3 Bg4 9. h3 Bh5 10. Bg5 Qe7 11. g4 Bg6 12. Nh4 Kh8 13. Qc1 h6 14. Nf5 Bxf5
15. Bxf6 Qxf6 16. exf5 Qh4 17. Kg2 g6 18. f6 Kh7 19. f4 Qxf6 20. g5 Qf5 21. Bd5
exf4 22. Bxc6 Qxg5+ 23. Kh1 bxc6 24. Rxf4 Rae8 25. Qf1 Kg7 26. Qf2 Qe5 27. Rg1
Qe3 28. Qh4 Qe5 29. d4 Qd5+ 30. Kh2 Re2+ 31. Rf2 Rxf2+ 32. Qxf2 Re8 0-1

[Event "Open Olimpico A Maggio"]
[Site "Torino ITA"]
[Date "2006.05.25"]
[Round "4"]
[White "Pinto, Mark"]
[Black "Salvador, Roland"]
[Result "0-1"]
[WhiteElo "2130"]
[BlackElo "2396"]
[PlyCount "72"]
[EventDate "2006.05.22"]

1. e4 c5 2. Nf3 Nc6 3. d4 cxd4 4. Nxd4 Nf6 5. Nc3 e5 6. Ndb5 d6 7. Bg5 a6 8.
Na3 b5 9. Nd5 Be7 10. Bxf6 Bxf6 11. c3 O-O 12. Nc2 Bg5 13. a4 bxa4 14. Rxa4 Bb7
15. Bc4 Na5 16. Ba2 Bc6 17. Ncb4 Bxa4 18. Qxa4 Nb7 19. Bc4 Nc5 20. Qc2 a5 21.
Nc6 Qd7 22. Bb5 Qg4 23. f3 Qh4+ 24. g3 Qh3 25. Bf1 Qd7 26. Bb5 Qb7 27. Qe2 Rfc8
28. h4 Bf6 29. O-O Rxc6 30. Bxc6 Qxc6 31. Qc4 Qa6 32. Qa2 Qe2 33. Rf2 Qe1+ 34.
Kg2 Nd3 35. Qa1 Qxa1 36. Nc7 Rc8 0-1

[Event "Open Olimpico A Maggio"]
[Site "Torino ITA"]
[Date "2006.05.25"]
[Round "4"]
[White "Rossetti, Mauro"]
[Black "Monge, Maurizio"]
[Result "1/2-1/2"]
[WhiteElo "2115"]
[BlackElo "1793"]
[PlyCount "87"]
[EventDate "2006.05.22"]

1. Nf3 d5 2. d4 Nf6 3. c4 c6 4. e3 Bf5 5. Qb3 Qb6 6. c5 Qc7 7. Nc3 Nbd7 8. Nh4
Bg6 9. f4 Be4 10. Nxe4 Nxe4 11. Bd3 Ndf6 12. Qc2 h6 13. Nf3 g5 14. Nd2 gxf4 15.
exf4 O-O-O 16. Nf3 Rg8 17. Ne5 Qa5+ 18. Kf1 Bg7 19. a3 Nd7 20. b4 Qc7 21. g3 f6
22. Ng6 Nf8 23. Bxe4 dxe4 24. Nxf8 Rgxf8 25. Qxe4 e5 26. dxe5 fxe5 27. Kg2 Rd4
28. Qg6 exf4 29. Qe6+ Kb8 30. Bxf4 Rdxf4 31. gxf4 Bxa1 32. Rxa1 Qxf4 33. Re1
Qf3+ 34. Kg1 a6 35. Qe5+ Ka7 36. Qg3 Qd5 37. Re5 Qa2 38. Re4 Qd2 39. h3 Rf5 40.
Qg2 Qd1+ 41. Kh2 Rg5 42. Rg4 Re5 43. Re4 Rg5 44. Rg4 1/2-1/2

[Event "Open Olimpico A Maggio"]
[Site "Torino ITA"]
[Date "2006.05.25"]
[Round "4"]
[White "Spatola, Davide"]
[Black "Giacomasso, Enrico"]
[Result "0-1"]
[WhiteElo "2116"]
[BlackElo "1942"]
[PlyCount "66"]
[EventDate "2006.05.22"]

1. d4 Nf6 2. Bg5 Ne4 3. h4 h6 4. Bf4 d5 5. Nd2 Nf6 6. Ngf3 Bf5 7. e3 e6 8. c4
Bd6 9. Ne5 Bxe5 10. Bxe5 Nbd7 11. Bf4 O-O 12. Be2 dxc4 13. Bxc4 Nb6 14. Be2
Nbd5 15. Bg3 Ne4 16. Nxe4 Bxe4 17. Bf3 Bxf3 18. Qxf3 c5 19. O-O cxd4 20. e4 Ne7
21. b4 Qb6 22. Qb3 Rac8 23. Rac1 Rfd8 24. Rfd1 a6 25. f4 Rxc1 26. Rxc1 d3+ 27.
Bf2 d2 28. Rd1 Qb5 29. Bc5 Nc6 30. a4 Qe2 31. Qb1 Rd3 32. Bf2 Nxb4 33. e5 Nd5
0-1

[Event "Open Olimpico A Maggio"]
[Site "Torino ITA"]
[Date "2006.05.25"]
[Round "4"]
[White "Torrione, William"]
[Black "Aliferopulos, Andrea"]
[Result "1/2-1/2"]
[WhiteElo "1854"]
[BlackElo "1980"]
[PlyCount "98"]
[EventDate "2006.05.22"]

1. d4 Nf6 2. c4 g6 3. Nc3 Bg7 4. e4 d6 5. f3 O-O 6. Be3 e5 7. d5 Ne8 8. Bd3 f5
9. exf5 gxf5 10. Nge2 Nf6 11. Qd2 Kh8 12. Bh6 Rg8 13. Bxg7+ Rxg7 14. Ng3 Qg8
15. Rg1 Rg5 16. Qc2 Qg6 17. O-O-O Na6 18. Qd2 Nc5 19. Bc2 a5 20. Nb5 Ne8 21.
Rh1 Qg7 22. Rdg1 Qf6 23. Ne2 c6 24. Nbc3 Nc7 25. g4 f4 26. Ne4 Nxe4 27. Bxe4
cxd5 28. cxd5 Rg7 29. h4 b5 30. g5 Qd8 31. g6 h6 32. Nc3 b4 33. Ne2 Na6 34. Kb1
Nc5 35. Bc2 Qb6 36. Nc1 a4 37. b3 axb3 38. Nxb3 Ba6 39. Nxc5 dxc5 40. Re1 Qd6
41. Bf5 Bc4 42. Qb2 Bxa2+ 43. Kc1 Bxd5 44. Rxe5 Bxf3 45. Rhe1 Qd4 46. Qxd4 cxd4
47. Re8+ Rxe8 48. Rxe8+ Rg8 49. Re7 Rg7 1/2-1/2

[Event "Open Olimpico A Maggio"]
[Site "Torino ITA"]
[Date "2006.05.25"]
[Round "4"]
[White "Vehi Bach, Victor Manuel"]
[Black "Naumkin, Igor"]
[Result "0-1"]
[WhiteElo "2335"]
[BlackElo "2415"]
[PlyCount "72"]
[EventDate "2006.05.22"]

1. e4 e5 2. Nf3 Nc6 3. Nc3 Nf6 4. Bb5 Bb4 5. O-O O-O 6. d3 Bxc3 7. bxc3 d6 8.
Re1 h6 9. h3 Bd7 10. d4 Re8 11. Bd3 Nh7 12. Rb1 b6 13. Ba6 Qf6 14. Qd3 Rad8 15.
Bd2 Nf8 16. a4 Ng6 17. Bb5 Na5 18. Bxd7 Rxd7 19. Nh2 Qd8 20. Nf1 Nc6 21. Ng3 d5
22. exd5 Rxd5 23. Rb5 Rd7 24. Qf3 a6 25. Rbb1 Re6 26. Qd3 Nxd4 27. Bc1 Nc6 28.
Qxa6 Nh4 29. Qc4 e4 30. Rxe4 Rd1+ 31. Kh2 Ne5 32. Qe2 Re1 33. Qh5 Rxe4 34. Nxe4
Nxg2 35. Rb5 Nh4 36. Nd2 Qd6 0-1

[Event "Open Olimpico A Maggio"]
[Site "Torino ITA"]
[Date "2006.05.25"]
[Round "4"]
[White "Vezzosi, Paolo"]
[Black "Sellitti, Federico"]
[Result "1/2-1/2"]
[WhiteElo "2362"]
[BlackElo "2124"]
[PlyCount "73"]
[EventDate "2006.05.22"]

1. d4 Nf6 2. Nf3 e6 3. c4 b6 4. e3 Bb7 5. Bd3 d5 6. cxd5 exd5 7. Nc3 Nbd7 8.
O-O Bb4 9. Bd2 O-O 10. Rc1 a6 11. Ne5 Re8 12. f4 c5 13. Bf5 cxd4 14. exd4 Bxc3
15. Rxc3 g6 16. Bxd7 Nxd7 17. Rg3 Bc8 18. Nxd7 Bxd7 19. f5 Re4 20. Qf3 Qe8 21.
h3 Rc8 22. fxg6 hxg6 23. Bg5 Rc2 24. Bf6 Ree2 25. Be5 Bf5 26. Qxf5 Rxg2+ 27.
Rxg2 Rxg2+ 28. Kxg2 gxf5 29. Rxf5 Qc6 30. Rf2 f5 31. a3 b5 32. Kg3 Qg6+ 33. Kh2
Kf7 34. Bf4 Qb6 35. Be5 Qg6 36. Bf4 Qb6 37. Be5 1/2-1/2

[Event "Open Olimpico A Maggio"]
[Site "Torino ITA"]
[Date "2006.05.26"]
[Round "5"]
[White "Bozzali, Ermanno"]
[Black "Cataldo, Ettore Massimo"]
[Result "1-0"]
[WhiteElo "2089"]
[BlackElo "2008"]
[PlyCount "83"]
[EventDate "2006.05.22"]

1. d4 Nf6 2. Nf3 e6 3. Bf4 Be7 4. g3 b6 5. Bg2 Bb7 6. O-O O-O 7. c4 c5 8. Nc3
Nh5 9. Bd2 d6 10. d5 e5 11. e4 g6 12. Ne1 Nd7 13. Nd3 Bg5 14. f4 exf4 15. gxf4
Bf6 16. Nb5 Qe7 17. e5 Bg7 18. Nxd6 Ba6 19. b4 f6 20. Nf5 gxf5 21. d6 Qe8 22.
b5 fxe5 23. fxe5 Qg6 24. bxa6 Nxe5 25. Nf4 Nxf4 26. Bxf4 Rad8 27. Qd5+ Nf7 28.
Rae1 Kh8 29. Re6 Qg4 30. Qf3 Bd4+ 31. Kh1 Rg8 32. Qxg4 Rxg4 33. Bg3 Ng5 34. Re7
Ne4 35. Bxe4 fxe4 36. Rf4 Rxf4 37. Bxf4 b5 38. d7 Bf6 39. Be5 Bxe5 40. Re8+ Kg7
41. Rxd8 Bf6 42. Rc8 1-0

[Event "Open Olimpico A Maggio"]
[Site "Torino ITA"]
[Date "2006.05.26"]
[Round "5"]
[White "Canonne, Antoine"]
[Black "Bohaddoune, Oussama"]
[Result "0-1"]
[WhiteElo "2052"]
[BlackElo "2206"]
[PlyCount "114"]
[EventDate "2006.05.22"]

1. e4 c5 2. Nc3 Nc6 3. f4 g6 4. Nf3 Bg7 5. Bb5 e6 6. O-O Nge7 7. d3 d6 8. Qe1
O-O 9. Bxc6 Nxc6 10. Bd2 a6 11. Rb1 b5 12. Nd1 b4 13. Ne3 a5 14. f5 exf5 15.
exf5 Nd4 16. fxg6 fxg6 17. Nxd4 Bxd4 18. Rxf8+ Qxf8 19. Qh4 Bb7 20. c3 Bf6 21.
Qc4+ Qf7 22. Qxf7+ Kxf7 23. Rf1 Ke6 24. Nc4 Bd8 25. Re1+ Kd7 26. Bh6 Bd5 27.
Rf1 Bc7 28. a3 bxc3 29. bxc3 Rb8 30. Ne3 Be6 31. d4 cxd4 32. cxd4 Bb6 33. Bg7
Rg8 34. Bf6 Rc8 35. Rb1 Rb8 36. Rd1 Ba7 37. Rd3 a4 38. h3 Rb3 39. Rxb3 axb3 40.
Nd1 Kc6 41. Kf2 Kd5 42. Ke3 Kc4 43. Kd2 Bxd4 44. Nb2+ Kd5 45. Bxd4 Kxd4 46. Nd1
Bf5 47. Nb2 h5 48. h4 Be6 49. Nd1 Bd5 50. g3 Be4 51. Nb2 Bf5 52. Na4 Ke4 53.
Kc3 Be6 54. Nb6 d5 55. Kxb3 d4+ 56. Kc2 Ke3 57. Kd1 d3 0-1

[Event "Open Olimpico A Maggio"]
[Site "Torino ITA"]
[Date "2006.05.26"]
[Round "5"]
[White "Dal Zotto, Lorenzo"]
[Black "Parodi, Alessandro"]
[Result "0-1"]
[WhiteElo "1650"]
[BlackElo "1928"]
[PlyCount "54"]
[EventDate "2006.05.22"]

1. e4 d6 2. d4 Nf6 3. Nc3 g6 4. h3 Bg7 5. Nf3 Nbd7 6. Be3 b6 7. e5 Ng8 8. Bc4
e6 9. Bb5 Bb7 10. exd6 cxd6 11. d5 e5 12. Ne4 Qc7 13. O-O h6 14. Re1 Ne7 15. c4
O-O 16. Qd2 f5 17. Bxh6 fxe4 18. Rxe4 Nf6 19. Bxg7 Kxg7 20. Rh4 Nf5 21. Ng5 Bc8
22. Re4 Nxe4 23. Nxe4 Bd7 24. Rc1 a6 25. Bxd7 Qxd7 26. b4 Nd4 27. Rc3 Rf4 0-1

[Event "Open Olimpico A Maggio"]
[Site "Torino ITA"]
[Date "2006.05.26"]
[Round "5"]
[White "De Coverly, Roger D."]
[Black "Llupa, Oltjon"]
[Result "1-0"]
[WhiteElo "2083"]
[BlackElo "1995"]
[PlyCount "133"]
[EventDate "2006.05.22"]

1. Nf3 d5 2. c4 c6 3. g3 e6 4. Qc2 Nf6 5. Bg2 Nbd7 6. d4 Be7 7. O-O O-O 8. Nbd2
b6 9. e4 dxc4 10. Nxc4 Bb7 11. e5 Nd5 12. Ne3 c5 13. Nxd5 Bxd5 14. dxc5 Rc8 15.
c6 Rxc6 16. Qd1 Qc7 17. Bf4 Rd8 18. Rc1 Bxa2 19. Rxc6 Qxc6 20. Nd4 Qc7 21. Nc6
Re8 22. Qc2 Nb8 23. Nxe7+ Rxe7 24. Rc1 Qxc2 25. Rxc2 Kf8 26. Bg5 Re8 27. Rc7 h6
28. Rxa7 Bc4 29. Be3 Rd8 30. h4 Nd7 31. Ra8 Rxa8 32. Bxa8 Ke7 33. f4 Nc5 34. b4
Na4 35. Kf2 b5 36. Bd4 Kd7 37. Ke3 Kc7 38. Be4 Nb6 39. Bxb6+ Kxb6 40. Kd4 g6
41. h5 Be2 42. hxg6 fxg6 43. Bxg6 Kc6 44. Be4+ Kb6 45. f5 exf5 46. Bxf5 Kc6 47.
Be4+ Kd7 48. Bd5 Bf1 49. Ke3 Ke7 50. Kf4 Be2 51. Kf5 Bd3+ 52. Be4 Bc4 53. Bc6
Bd3+ 54. Kf4 Bf1 55. Bd5 Bd3 56. Ke3 Bf1 57. Kd4 Be2 58. Kc5 Bd3 59. Bc6 Ke6
60. Bxb5 Bxb5 61. Kxb5 Kxe5 62. Kc6 Kf5 63. b5 Kg4 64. b6 Kxg3 65. b7 h5 66.
b8=Q+ Kg4 67. Qg8+ 1-0

[Event "Open Olimpico A Maggio"]
[Site "Torino ITA"]
[Date "2006.05.26"]
[Round "5"]
[White "Degrassi, Sergio"]
[Black "Palmisano, Giuseppe"]
[Result "0-1"]
[WhiteElo "1919"]
[BlackElo "1951"]
[PlyCount "120"]
[EventDate "2006.05.22"]

1. d4 Nf6 2. Bg5 Ne4 3. h4 c6 4. Nf3 Qb6 5. Qc1 d6 6. Nbd2 Bf5 7. e3 f6 8. Nxe4
Bxe4 9. Nd2 Bg6 10. Bf4 e5 11. Nc4 Qc7 12. Bg3 h5 13. dxe5 dxe5 14. Qd2 Na6 15.
c3 b5 16. Na3 Rd8 17. Qc1 Bxa3 18. bxa3 Nc5 19. Qb2 O-O 20. Be2 Nd3+ 21. Bxd3
Bxd3 22. f4 e4 23. Kf2 f5 24. Rhd1 Rf6 25. Rd2 Rfd6 26. Rad1 Bc4 27. Rd4 c5 28.
R4d2 Rxd2+ 29. Rxd2 Rd3 30. Rxd3 exd3 31. Ke1 Qc6 32. Qd2 Qd5 33. Qb2 Qe4 34.
Qd2 Bd5 35. Kf1 Qc4 36. Bf2 Be4 37. Be1 Qd5 38. Qf2 Kf7 39. Qb2 Qc4 40. Qb3 Bd5
41. Qxc4 Bxc4 42. Bd2 Ke6 43. Bc1 Bxa2 44. Ke1 Bb3 45. g3 Kd5 46. Kf2 Kc4 47.
Bd2 Bd1 48. e4 fxe4 49. Ke3 Bf3 50. Be1 g6 51. Kd2 Kb3 52. Bf2 Kc4 53. Be3 a5
54. Bf2 b4 55. axb4 axb4 56. cxb4 Kxb4 57. Be3 c4 58. Bd4 Kb3 59. Be5 Be2 60.
Ba1 e3+ 0-1